| 000 | 00717nam a2200241Ia 4500 | ||
|---|---|---|---|
| 003 | OSt | ||
| 005 | 20240507112233.0 | ||
| 008 | 210210b2009 xxu||||| |||| 00| 0 eng d | ||
| 040 | _cAL | ||
| 041 | _aTulu | ||
| 082 | _aT894.8 SATA | ||
| 100 |
_aSATYAMITRA BANGERA _dಸತ್ಯಮಿತ್ರ ಬಂಗೇರ _9163453 |
||
| 245 |
_aAliya santana kattda guttu _bಅಳಿಯ ಸಂತಾನ ಕಟ್ಟ್ ದ ಗುಟ್ಟು |
||
| 260 |
_aUjire _bVishva Tulu SammeLano 2009 _c2009 |
||
| 300 | _axii,76 | ||
| 650 |
_asantana _9163454 |
||
| 650 |
_akaTTda _9163455 |
||
| 650 |
_aguTTu _9163456 |
||
| 650 |
_aALiya _9163457 |
||
| 690 |
_aTulu Miscellaneous _9163458 |
||
| 906 | _a064579 | ||
| 942 |
_2ddc _cBK |
||
| 999 |
_c142921 _d142921 |
||